00367nam a2200121Ia 4500008004100000082001700041100003100058245003800089260003600127365000600163630003800169730003800207100415s9999 xx 000 0 und d b6762a598.44 aStonehouse, Bernard (ed.) a" Pengunins" The World Of Animals aU.S.Ac1968bARTHUR BARKER LTD. b0 a" Pengunins" The World Of Animals a" Pengunins" The World Of Animals